[Event "Collado Villalba 2015 Torneo B"]
[Site "Collado Villalba (ESP)"]
[Date "2015.08.26"]
[Round "5.13"]
[White "Leniz Martinez, Francisco"]
[Black "Suarez Prieto, Leopoldo"]
[Result "1-0"]
[WhiteElo "1689"]
[BlackElo "1646"]
[PlyCount "61"]
[EventDate "2015.08.22"]
[EventType "swiss"]
[EventRounds "9"]
[EventCountry "ESP"]
[Source "lmi"]
[SourceDate "2015.08.22"]

1. Nf3 Nc6 2. d4 d5 3. Bf4 h6 4. e3 Bf5 5. h3 a6 6. Bd3 g6 7. Ne5 Nxe5 8. Bxe5
f6 9. Bxf5 gxf5 10. Bg3 h5 11. Qd3 e6 12. Nd2 Bd6 13. Bxd6 Qxd6 14. O-O-O Ne7
15. Kb1 Nc6 16. c3 Kd7 17. a3 b6 18. c4 Rhb8 19. cxd5 Qxd5 20. Qe2 b5 21. Qf3
Qd6 22. Nb3 b4 23. d5 Ne5 24. Qxh5 Qe7 25. dxe6+ Kc8 26. a4 c5 27. Rd5 Qxe6 28.
Rhd1 Nf7 29. Rxc5+ Kb7 30. Qf3+ Kb6 31. a5+ 1-0

[Event "Collado Villalba 2015 Torneo B"]
[Site "Collado Villalba (ESP)"]
[Date "2015.08.26"]
[Round "5.14"]
[White "Medrano Del Val, Julio"]
[Black "Algaba Traspuesto, Jose Antoni"]
[Result "1-0"]
[WhiteElo "1825"]
[BlackElo "1611"]
[PlyCount "79"]
[EventDate "2015.08.22"]
[EventType "swiss"]
[EventRounds "9"]
[EventCountry "ESP"]
[Source "lmi"]
[SourceDate "2015.08.22"]

1. d4 d5 2. c4 e6 3. Nc3 c6 4. Nf3 dxc4 5. a4 Bb4 6. e4 b5 7. Ne5 Bb7 8. Be2
Nd7 9. Ng4 Ngf6 10. Bg5 h6 11. Nxf6+ gxf6 12. Be3 a5 13. O-O Bxc3 14. bxc3 Qe7
15. Qc2 Qf8 16. Bf3 Rg8 17. Qd2 Rh8 18. Rab1 Ba6 19. e5 Rc8 20. exf6 Nxf6 21.
Bf4 b4 22. Be5 Nd5 23. Bxd5 cxd5 24. Bxh8 Qxh8 25. Rfe1 b3 26. Re5 Ke7 27. Rh5
Qh7 28. Rb2 Qd3 29. Rxh6 Rb8 30. Qc1 Rg8 31. Rh4 Bc8 32. h3 Bd7 33. Kh2 Bxa4
34. Rd2 Qf5 35. Qa3+ Kf6 36. g3 Qb1 37. Rf4+ Kg7 38. Qe7 Be8 39. Rg4+ Kh7 40.
Qh4# 1-0

[Event "Collado Villalba 2015 Torneo B"]
[Site "Collado Villalba (ESP)"]
[Date "2015.08.26"]
[Round "5.15"]
[White "Martinez Martinez, Antonio"]
[Black "Tronch Ilzarbe, Carlos Maria"]
[Result "1-0"]
[WhiteElo "1580"]
[BlackElo "1761"]
[PlyCount "101"]
[EventDate "2015.08.22"]
[EventType "swiss"]
[EventRounds "9"]
[EventCountry "ESP"]
[Source "lmi"]
[SourceDate "2015.08.22"]

1. e4 c5 2. c4 Nc6 3. Nf3 g6 4. Nc3 Bg7 5. d3 d6 6. h3 a6 7. a4 e5 8. Bg5 Bf6
9. Bd2 Nb4 10. a5 Ne7 11. Be2 Nec6 12. Nd5 Nxd5 13. cxd5 Ne7 14. Bh6 Ng8 15.
Qd2 Bd7 16. Bg5 Bxg5 17. Nxg5 h6 18. Nf3 Nf6 19. b4 c4 20. dxc4 Nxe4 21. Qe3
Ng5 22. c5 Qf6 23. Nd2 e4 24. O-O O-O 25. h4 Nf3+ 26. gxf3 Qxh4 27. fxe4 Bh3
28. Rfc1 f5 29. Qg3 Qf6 30. Qxh3 Qg5+ 31. Qg3 Qxd2 32. Qxg6+ Kh8 33. Kf1 fxe4
34. Qxe4 Rae8 35. Qd3 Qf4 36. f3 Re3 37. Rc4 Qe5 38. Qd4 Rxe2 39. Qxe5+ Rxe5
40. cxd6 Rxd5 41. Rc7 Rxd6 42. Rxb7 Rxf3+ 43. Kg2 Rff6 44. Rc1 Rd8 45. Rb6 Rg8+
46. Kh3 Rgg6 47. Rc8+ Kg7 48. Rc7+ Rf7 49. Rxf7+ Kxf7 50. Rxg6 Kxg6 51. b5 1-0

[Event "Collado Villalba 2015 Torneo B"]
[Site "Collado Villalba (ESP)"]
[Date "2015.08.26"]
[Round "5.16"]
[White "De Dompablo Fantova, Juan"]
[Black "Cortijo Manso, Luis"]
[Result "1-0"]
[WhiteElo "1712"]
[BlackElo "1529"]
[PlyCount "85"]
[EventDate "2015.08.22"]
[EventType "swiss"]
[EventRounds "9"]
[EventCountry "ESP"]
[Source "lmi"]
[SourceDate "2015.08.22"]

1. e4 e6 2. d4 d5 3. exd5 exd5 4. Bd3 Bd6 5. Nf3 Ne7 6. O-O Nbc6 7. c3 Bf5 8.
Na3 Qd7 9. Nb5 Bxd3 10. Qxd3 O-O 11. Nxd6 Qxd6 12. Re1 Qg6 13. Qb5 b6 14. Bf4
a6 15. Qe2 Rfc8 16. Ne5 Nxe5 17. Bxe5 Qe6 18. Qd2 Qd7 19. Re2 Ng6 20. Bg3 Re8
21. Rae1 Rxe2 22. Qxe2 c6 23. h4 h6 24. h5 Nf8 25. Qe7 b5 26. Qxd7 Nxd7 27. Re7
Ra7 28. Bd6 Rb7 29. g4 a5 30. f4 f6 31. a3 a4 32. Kf2 Kh8 33. Kg3 Kg8 34. Kh4
Kh8 35. g5 hxg5+ 36. fxg5 fxg5+ 37. Kxg5 Kg8 38. Kf5 Kh7 39. Kg5 Kg8 40. h6
gxh6+ 41. Kxh6 Ra7 42. Rg7+ Kh8 43. Be5 1-0

[Event "Collado Villalba 2015 Torneo B"]
[Site "Collado Villalba (ESP)"]
[Date "2015.08.26"]
[Round "5.18"]
[White "Martinez Pintor, Juan"]
[Black "Rubio Recio, Fernando"]
[Result "1-0"]
[WhiteElo "1684"]
[BlackElo "1471"]
[PlyCount "37"]
[EventDate "2015.08.22"]
[EventType "swiss"]
[EventRounds "9"]
[EventCountry "ESP"]
[Source "lmi"]
[SourceDate "2015.08.22"]

1. d4 e6 2. Nf3 d5 3. e3 Nf6 4. Bd3 c5 5. c3 cxd4 6. exd4 Nc6 7. Bf4 Bd6 8.
Bxd6 Qxd6 9. Qe2 a6 10. a4 Bd7 11. Nbd2 O-O 12. O-O Rfe8 13. Ne5 Bc8 14. f4 g6
15. Qf2 Nd7 16. Qh4 Ncxe5 17. fxe5 Qb6 18. Rxf7 h5 19. Bxg6 1-0

[Event "Collado Villalba 2015 Torneo B"]
[Site "Collado Villalba (ESP)"]
[Date "2015.08.26"]
[Round "5.19"]
[White "Lancharro Delgado, Cristina"]
[Black "Dominguez Coig, Alvaro"]
[Result "1-0"]
[WhiteElo "1461"]
[BlackElo "1684"]
[PlyCount "59"]
[EventDate "2015.08.22"]
[EventType "swiss"]
[EventRounds "9"]
[EventCountry "ESP"]
[Source "lmi"]
[SourceDate "2015.08.22"]

1. e4 c5 2. Nf3 d6 3. c4 Nf6 4. Nc3 g6 5. d4 cxd4 6. Nxd4 Bg7 7. Be2 O-O 8. Be3
Bd7 9. O-O Nc6 10. a3 Rc8 11. Rc1 a6 12. h3 Qc7 13. Nd5 Nxd5 14. cxd5 Qd8 15.
dxc6 Bxc6 16. Nxc6 bxc6 17. Bxa6 Rb8 18. Bd4 Bh6 19. Rxc6 Qd7 20. Qc2 e5 21.
Rc7 Qd8 22. Ba7 Rxb2 23. Qxb2 Qxc7 24. Be3 Bg7 25. Rc1 Qe7 26. Qb7 Qh4 27. Rc8
f5 28. Bc4+ Kh8 29. Rxf8+ Bxf8 30. Qf7 1-0

[Event "Collado Villalba 2015 Torneo B"]
[Site "Collado Villalba (ESP)"]
[Date "2015.08.26"]
[Round "5.20"]
[White "Martinez Martinez, Manuel Ii"]
[Black "Rico Ropero, Oscar"]
[Result "0-1"]
[WhiteElo "1678"]
[BlackElo "1457"]
[PlyCount "52"]
[EventDate "2015.08.22"]
[EventType "swiss"]
[EventRounds "9"]
[EventCountry "ESP"]
[Source "lmi"]
[SourceDate "2015.08.22"]

1. d4 f5 2. e3 Nf6 3. Bd3 e6 4. Nd2 d5 5. Ngf3 Bd6 6. c4 b6 7. Qc2 Nbd7 8. cxd5
Nxd5 9. Nc4 O-O 10. Nxd6 cxd6 11. a3 Bb7 12. O-O Rc8 13. Qe2 Nc7 14. e4 fxe4
15. Bxe4 Nd5 16. Ng5 Rxc1 17. Bxh7+ Kh8 18. h4 Rxf1+ 19. Rxf1 Nf4 20. Qg4 Bxg2
21. Re1 e5 22. Be4 Nf6 23. Qf5 g6 24. Ne6 gxf5 25. Nxd8 Bxe4 26. dxe5 Rg8+ 0-1

[Event "Collado Villalba 2015 Torneo B"]
[Site "Collado Villalba (ESP)"]
[Date "2015.08.26"]
[Round "5.22"]
[White "Pascual Gomez, Jesus"]
[Black "Garcia Lopez, Fernando"]
[Result "0-1"]
[WhiteElo "1714"]
[BlackElo "1646"]
[PlyCount "56"]
[EventDate "2015.08.22"]
[EventType "swiss"]
[EventRounds "9"]
[EventCountry "ESP"]
[Source "lmi"]
[SourceDate "2015.08.22"]

1. e4 e5 2. Nf3 Nc6 3. Bc4 Nf6 4. Nc3 Be7 5. Ng5 O-O 6. O-O d6 7. b3 Bg4 8. Be2
Bd7 9. Bb2 Nd4 10. Bc4 b5 11. Bd3 a6 12. Ne2 Nc6 13. h3 Nh5 14. Nf3 Nb4 15. Nc1
Nf4 16. Bc3 Nbxd3 17. Nxd3 Nxd3 18. cxd3 c5 19. Ne1 b4 20. Bb2 Bg5 21. Bc1 Bf4
22. Nc2 Qg5 23. Kh1 Qh6 24. Ne3 Bxh3 25. f3 Bxg2+ 26. Kg1 Qh2+ 27. Kf2 Bg3+ 28.
Ke2 Bxf1+ 0-1

[Event "Collado Villalba 2015 Torneo B"]
[Site "Collado Villalba (ESP)"]
[Date "2015.08.26"]
[Round "5.23"]
[White "Criado Riesgo, Manuel"]
[Black "Romero Fite, Miguel"]
[Result "1-0"]
[WhiteElo "1535"]
[BlackElo "1733"]
[PlyCount "127"]
[EventDate "2015.08.22"]
[EventType "swiss"]
[EventRounds "9"]
[EventCountry "ESP"]
[Source "lmi"]
[SourceDate "2015.08.22"]

1. d4 Nf6 2. c4 g6 3. Nc3 Bg7 4. Nf3 O-O 5. Bd2 d6 6. Qc1 Re8 7. e4 e5 8. d5 a5
9. Bd3 Na6 10. a3 Nc5 11. Bc2 a4 12. Qd1 Bd7 13. Be3 Ra5 14. Bxc5 Rxc5 15. Bd3
Ra5 16. Bc2 Qa8 17. Bd3 Re7 18. O-O Nh5 19. Ne2 Bh6 20. Ng3 Nf4 21. Be2 f5 22.
exf5 gxf5 23. Nh4 Qf8 24. Bd3 e4 25. Bc2 Qf6 26. Nh5 Qxh4 27. Nxf4 Qxf4 28. Qe1
Qe5 29. Qxa5 Qxb2 30. Bxa4 Bxa4 31. Qxa4 Qe5 32. Qd1 e3 33. fxe3 Bxe3+ 34. Kh1
Rg7 35. Qf3 f4 36. g3 Qb2 37. Qe4 h6 38. Rab1 Qe2 39. Qf3 Qc2 40. Rbe1 fxg3 41.
hxg3 Bg5 42. Qf8+ Kh7 43. Qf5+ Qxf5 44. Rxf5 Kg6 45. g4 h5 46. Re6+ Kh7 47.
gxh5 Bc1 48. a4 Bd2 49. Ref6 Bc3 50. Rf7 Ba5 51. Rxg7+ Kxg7 52. Kg2 Bd2 53. Kf3
Bh6 54. Kg4 Be3 55. Rf3 Bd2 56. Rb3 b6 57. Kf5 Kh6 58. Rh3 Bb4 59. Ke6 Ba5 60.
Kd7 Bb4 61. Kxc7 Bc5 62. Kc6 Kh7 63. h6 Kh8 64. h7 1-0

[Event "Collado Villalba 2015 Torneo B"]
[Site "Collado Villalba (ESP)"]
[Date "2015.08.26"]
[Round "5.24"]
[White "Fernandez Martinez, Jose"]
[Black "Fernandez Garcia, Emiliano"]
[Result "0-1"]
[WhiteElo "1701"]
[BlackElo "1534"]
[PlyCount "74"]
[EventDate "2015.08.22"]
[EventType "swiss"]
[EventRounds "9"]
[EventCountry "ESP"]
[Source "lmi"]
[SourceDate "2015.08.22"]

1. e4 c5 2. Nf3 e6 3. d4 cxd4 4. Nxd4 a6 5. Nc3 Qc7 6. Be3 Nf6 7. a3 Be7 8. Be2
b5 9. f3 Bb7 10. O-O O-O 11. Qd2 Nc6 12. Rac1 Rfe8 13. Na2 Bd6 14. g3 Ne7 15.
c4 Bxg3 16. hxg3 Qxg3+ 17. Kh1 Ng6 18. Bd3 bxc4 19. Rxc4 Rac8 20. Rxc8 Rxc8 21.
Qh2 Qxh2+ 22. Kxh2 d5 23. Nc3 Ne5 24. Be2 dxe4 25. fxe4 Neg4+ 26. Bxg4 Nxg4+
27. Kg3 Nxe3 28. Rf2 Nc4 29. Nf3 h6 30. Re2 Rd8 31. Kf2 g5 32. Nh2 Kg7 33. Ng4
h5 34. Ne3 Ne5 35. Kf1 Kg6 36. Nc2 g4 37. Ne3 Kg5 0-1

[Event "Collado Villalba 2015 Torneo B"]
[Site "Collado Villalba (ESP)"]
[Date "2015.08.26"]
[Round "5.25"]
[White "Melcon Diez, Enrique"]
[Black "Merino Conrado, Ricardo"]
[Result "0-1"]
[WhiteElo "1639"]
[BlackElo "1468"]
[PlyCount "126"]
[EventDate "2015.08.22"]
[EventType "swiss"]
[EventRounds "9"]
[EventCountry "ESP"]
[Source "lmi"]
[SourceDate "2015.08.22"]

1. c4 g6 2. Nc3 Bg7 3. d4 Nf6 4. e4 d6 5. f4 b6 6. Nf3 Bg4 7. Be2 O-O 8. h3 Bc8
9. O-O Ne8 10. Be3 a6 11. Qd2 c5 12. dxc5 Bxc3 13. bxc3 Ng7 14. cxb6 Bb7 15.
Bd3 Nd7 16. Rab1 Rb8 17. f5 e6 18. fxe6 Nxe6 19. Bc2 Qe7 20. Rbd1 Rfd8 21. Qxd6
Qe8 22. Qb4 Bc6 23. a4 Rdc8 24. a5 Nd8 25. c5 Qe7 26. Qd4 Nb7 27. Bf4 Nbxc5 28.
Bd6 Qe8 29. Bxb8 Rxb8 30. e5 Nb7 31. Ng5 Qxe5 32. Nxf7 Qxd4+ 33. cxd4 Bd5 34.
Ne5 Nxe5 35. dxe5 Bc4 36. Bd3 Nxa5 37. Rf6 Bxd3 38. Rxd3 Nc4 39. Rdd6 Nxd6 40.
Rxd6 a5 41. Kf2 a4 42. Ke3 a3 43. Rd3 a2 44. Ra3 Rxb6 45. Rxa2 Kf7 46. Rf2+ Ke7
47. Kd4 Rb4+ 48. Kc5 Rb1 49. Re2 Ke6 50. Kd4 Rb5 51. g4 h5 52. gxh5 gxh5 53. h4
Rb4+ 54. Kc5 Rxh4 55. Rd2 Rh1 56. Kd4 h4 57. Rf2 h3 58. Rf6+ Ke7 59. Rh6 h2 60.
Rh7+ Kf8 61. Kd5 Rd1+ 62. Ke6 h1=Q 63. Rf7+ Kg8 0-1

[Event "Collado Villalba 2015 Torneo B"]
[Site "Collado Villalba (ESP)"]
[Date "2015.08.26"]
[Round "5.26"]
[White "Penas Merino, Ramona"]
[Black "Elguezabal Selioutin, Dario"]
[Result "0-1"]
[WhiteElo "1436"]
[BlackElo "1610"]
[PlyCount "60"]
[EventDate "2015.08.22"]
[EventType "swiss"]
[EventRounds "9"]
[EventCountry "ESP"]
[Source "lmi"]
[SourceDate "2015.08.22"]

1. d4 d5 2. Nf3 Nf6 3. e3 c5 4. b3 Nc6 5. Bd3 e6 6. Bb2 Bd6 7. O-O O-O 8. Ne5
Ne7 9. f4 b6 10. Nd2 Bb7 11. Qe2 Ne4 12. Rad1 Bxe5 13. fxe5 Nf5 14. Rf3 Qg5 15.
Rh3 Rac8 16. Bc1 cxd4 17. exd4 Nxd4 18. Qe1 Qxe5 19. Qh4 f5 20. Qxh7+ Kf7 21.
Qh5+ Ke7 22. Ba3+ Nc5 23. Qg5+ Qf6 24. Qe3 f4 25. Qf2 Kd7 26. c4 Kc7 27. Kf1
Rh8 28. Rxh8 Rxh8 29. Bb2 Nxd3 30. Qxd4 Nxb2 0-1

[Event "Collado Villalba 2015 Torneo B"]
[Site "Collado Villalba (ESP)"]
[Date "2015.08.26"]
[Round "5.28"]
[White "Rodriguez Gomez, Jose"]
[Black "Lancharro Perez, Francisco"]
[Result "1-0"]
[WhiteElo "1650"]
[BlackElo "1166"]
[PlyCount "115"]
[EventDate "2015.08.22"]
[EventType "swiss"]
[EventRounds "9"]
[EventCountry "ESP"]
[Source "lmi"]
[SourceDate "2015.08.22"]

1. e4 e5 2. Nf3 Nc6 3. Bb5 a6 4. Ba4 Nf6 5. d3 Be7 6. c3 b5 7. Bc2 O-O 8. O-O
d6 9. h3 Be6 10. d4 Re8 11. d5 Bd7 12. dxc6 Bxc6 13. Re1 d5 14. exd5 Bxd5 15.
Nxe5 Bd6 16. Bf4 c6 17. Nd2 Qc7 18. Qe2 Re7 19. Bg3 Rae8 20. f4 Qa7+ 21. Kh1 g6
22. Ndf3 Bc4 23. Qd1 Bc5 24. Nd4 Bxd4 25. Qxd4 Qxd4 26. cxd4 Bd5 27. Kh2 Nh5
28. b3 f6 29. Nf3 Re2 30. Rxe2 Rxe2 31. Bd1 Rb2 32. Ne1 Rd2 33. Bf3 Be6 34.
Bxc6 Rxd4 35. Nf3 Rd6 36. Bb7 f5 37. Rc1 Bd7 38. Ne5 Be6 39. Rc6 Rxc6 40. Bxc6
b4 41. Nd3 a5 42. Bf2 Bc8 43. g3 h6 44. Bd4 g5 45. Bb5 Bb7 46. Be5 Be4 47. Nc1
Ng7 48. Bc7 Ne6 49. Bc4 Kf7 50. Bxe6+ Kxe6 51. Bxa5 Kd5 52. Bxb4 Kd4 53. a4 Bb7
54. a5 Ke4 55. Bd6 h5 56. fxg5 Kd5 57. Bf8 Kc6 58. b4 1-0

[Event "Collado Villalba 2015 Torneo B"]
[Site "Collado Villalba (ESP)"]
[Date "2015.08.26"]
[Round "5.29"]
[White "Bermejo Calvo, Nora"]
[Black "Veuthey Martinez, Eloy"]
[Result "1/2-1/2"]
[WhiteElo "1313"]
[BlackElo "1557"]
[PlyCount "90"]
[EventDate "2015.08.22"]
[EventType "swiss"]
[EventRounds "9"]
[EventCountry "ESP"]
[Source "lmi"]
[SourceDate "2015.08.22"]

1. e4 d6 2. Nf3 Nf6 3. Nc3 e5 4. d4 Nbd7 5. Bb5 c6 6. Bd3 Be7 7. O-O O-O 8. Be3
Ng4 9. Re1 Nxe3 10. Rxe3 Qb6 11. Bc4 Qc7 12. Bb3 b5 13. a3 a6 14. Qd3 exd4 15.
Qxd4 d5 16. exd5 Bc5 17. Qd3 Bxe3 18. Qxe3 cxd5 19. Nxd5 Qc5 20. Qe4 Bb7 21.
Qd3 Bxd5 22. Bxd5 Rac8 23. Rc1 Nf6 24. Ba2 Rcd8 25. Qb3 Qd5 26. c4 bxc4 27. Qc2
Qd3 28. h3 Qxc2 29. Rxc2 Rd1+ 30. Kh2 Rb8 31. Bxc4 a5 32. Ne5 Rb7 33. Be2 Rd8
34. Ba6 Rb6 35. Bc4 Nd5 36. Bxd5 Kf8 37. Ba2 f6 38. Nc4 Rc6 39. b3 Rdc8 40. Bb1
a4 41. Ba2 axb3 42. Bxb3 Ke7 43. Ne3 Rxc2 44. Nxc2 Rc3 45. Ba4 Kd6 1/2-1/2

[Event "Collado Villalba 2015 Torneo B"]
[Site "Collado Villalba (ESP)"]
[Date "2015.08.26"]
[Round "5.30"]
[White "Salgado Duarte, Pablo"]
[Black "Andrade Sandoval, Marian"]
[Result "1-0"]
[WhiteElo "1533"]
[BlackElo "1291"]
[PlyCount "167"]
[EventDate "2015.08.22"]
[EventType "swiss"]
[EventRounds "9"]
[EventCountry "ESP"]
[Source "lmi"]
[SourceDate "2015.08.22"]

1. d4 d5 2. c4 c6 3. Nf3 Nf6 4. cxd5 cxd5 5. Nc3 e6 6. a3 a6 7. Bg5 Nbd7 8. e3
b5 9. b4 Bd6 10. Bd3 Bb7 11. O-O O-O 12. Re1 Qc7 13. Rc1 Rac8 14. Qd2 Bc6 15.
e4 dxe4 16. Nxe4 Nxe4 17. Bxe4 Qb7 18. Bxc6 Rxc6 19. h3 h6 20. Bf4 Rfc8 21.
Bxd6 Rxd6 22. Rxc8+ Qxc8 23. Rc1 Rc6 24. Rxc6 Qxc6 25. Ne1 Qd5 26. Qc3 e5 27.
Qc8+ Kh7 28. Qc2+ Kg8 29. dxe5 Nxe5 30. Kh1 Qc4 31. Qxc4 bxc4 32. Nc2 Kf8 33.
Kg1 Ke7 34. Kf1 Kd6 35. Ke2 Kd5 36. Ke3 g5 37. Kd2 f5 38. Ne3+ Kd4 39. Nxf5+
Ke4 40. Nxh6 Kd4 41. Nf5+ Ke4 42. Nd6+ Kd4 43. Nf5+ Ke4 44. Ne3 Kd4 45. Nc2+
Ke4 46. Kc3 Kd5 47. Ne3+ Ke4 48. Nxc4 Nc6 49. a4 Kd5 50. b5 axb5 51. axb5 Ne7
52. f3 Kc5 53. Na3 Nd5+ 54. Kb3 Nf4 55. b6 Kxb6 56. Nc4+ Kc5 57. Ne3 Kd4 58.
Nf5+ Ke5 59. Ne3 Kd4 60. Nf5+ Kd3 61. h4 gxh4 62. Nxh4 Nh5 63. g4 Nf4 64. g5
Ne6 65. g6 Ke3 66. Kc4 Ng7 67. Kd5 Kf4 68. Kd6 Kg5 69. Ng2 Kxg6 70. Ke5 Nh5 71.
Nf4+ Kg5 72. Nxh5 Kxh5 73. f4 Kg6 74. Ke6 Kg7 75. f5 Kf8 76. Kf6 Kg8 77. Ke7
Kg7 78. f6+ Kg8 79. f7+ Kg7 80. f8=Q+ Kg6 81. Qf6+ Kh5 82. Qg7 Kh4 83. Kf6 Kh3
84. Kf5 1-0

[Event "Collado Villalba 2015 Torneo B"]
[Site "Collado Villalba (ESP)"]
[Date "2015.08.26"]
[Round "5.31"]
[White "Gonzalez Garcia, Soraya"]
[Black "Lianes Garcia, Alicia"]
[Result "1-0"]
[WhiteElo "1526"]
[BlackElo "1277"]
[PlyCount "83"]
[EventDate "2015.08.22"]
[EventType "swiss"]
[EventRounds "9"]
[EventCountry "ESP"]
[Source "lmi"]
[SourceDate "2015.08.22"]

1. e4 e5 2. Nf3 Nc6 3. Nc3 Nf6 4. d4 exd4 5. Nxd4 Bb4 6. Nxc6 Bxc3+ 7. bxc3
dxc6 8. Qxd8+ Kxd8 9. Bd3 Re8 10. f3 Re6 11. O-O Ke8 12. Re1 Nd5 13. Bd2 Nb6
14. Bf4 Re7 15. a4 a5 16. c4 c5 17. Be3 Be6 18. Bxc5 Rd7 19. Bxb6 cxb6 20. Rab1
Rc8 21. e5 Bxc4 22. Bf5 Be6 23. Bd3 Rd4 24. Rxb6 Bd5 25. Rd6 Rc5 26. Bb5+ Ke7
27. c4 Rd2 28. cxd5 Rdxd5 29. Rxd5 Rxd5 30. f4 Rd4 31. g3 Ke6 32. Rc1 Kf5 33.
Rc7 Rd1+ 34. Kg2 Rd2+ 35. Kh3 Kg6 36. Rxb7 Ra2 37. Ra7 f6 38. e6 Rd2 39. e7 Rd6
40. e8=Q+ Kh6 41. g4 g6 42. Qf8# 1-0

[Event "Collado Villalba 2015 Torneo B"]
[Site "Collado Villalba (ESP)"]
[Date "2015.08.26"]
[Round "5.33"]
[White "Lancharro Delgado, Miguel"]
[Black "Fernandez Estremera, Fernando"]
[Result "0-1"]
[WhiteElo "1247"]
[BlackElo "1672"]
[PlyCount "98"]
[EventDate "2015.08.22"]
[EventType "swiss"]
[EventRounds "9"]
[EventCountry "ESP"]
[Source "lmi"]
[SourceDate "2015.08.22"]

1. e4 c5 2. Nf3 e6 3. d4 cxd4 4. Nxd4 a6 5. Nc3 Qc7 6. Be2 Nf6 7. O-O d6 8. h3
Be7 9. Re1 Nbd7 10. Be3 O-O 11. Qd2 b5 12. a3 Bb7 13. Qd3 Nc5 14. Qd2 Ncxe4 15.
Nxe4 Bxe4 16. Bd3 Bxd3 17. Qxd3 Rac8 18. Rac1 Rfd8 19. c3 Qb7 20. Nb3 Qd5 21.
Qxd5 Nxd5 22. Nd2 Nxe3 23. Rxe3 Bg5 24. Re2 Rc5 25. Rc2 Bxd2 26. Rexd2 h6 27.
b4 Rc4 28. Rd4 Rc6 29. c4 e5 30. Rg4 Rdc8 31. c5 dxc5 32. bxc5 Rxc5 33. Rxc5
Rxc5 34. a4 f5 35. Rb4 Kf7 36. axb5 Rxb5 37. Ra4 a5 38. Kf1 Ke6 39. Ke2 Kd5 40.
Kd3 Kc5 41. Rc4+ Kb6 42. Rc3 Rd5+ 43. Ke3 a4 44. g4 g6 45. f3 Kb5 46. h4 h5 47.
g5 Rd4 48. f4 Rxf4 49. Rd3 Kc6 0-1

[Event "Collado Villalba 2015 Torneo B"]
[Site "Collado Villalba (ESP)"]
[Date "2015.08.26"]
[Round "5.34"]
[White "Orta Vazquez, Mario"]
[Black "Perez Ramos, Miguel Angel"]
[Result "1-0"]
[WhiteElo "1409"]
[BlackElo "1358"]
[PlyCount "69"]
[EventDate "2015.08.22"]
[EventType "swiss"]
[EventRounds "9"]
[EventCountry "ESP"]
[Source "lmi"]
[SourceDate "2015.08.22"]

1. c4 c5 2. Nc3 e6 3. Nf3 Bd6 4. g3 Nf6 5. Bg2 h6 6. O-O Nc6 7. d4 b6 8. Re1
Ba6 9. b3 Rb8 10. e4 e5 11. dxc5 Bxc5 12. Nd5 Ng4 13. Be3 Nxe3 14. Nxe3 d6 15.
Nd5 b5 16. Bf1 Nd4 17. a3 Bb7 18. b4 Nxf3+ 19. Qxf3 Bd4 20. Ra2 Bxd5 21. cxd5
a6 22. Rc1 O-O 23. Rac2 Qg5 24. h4 Qe7 25. Rc7 Qd8 26. Bh3 Qf6 27. Qxf6 gxf6
28. Bf5 Bb2 29. R1c6 Rbd8 30. Rxa6 Bxa3 31. Rxa3 Ra8 32. Rca7 Rxa7 33. Rxa7 Kg7
34. Rb7 Rc8 35. Bxc8 1-0

[Event "Collado Villalba 2015 Torneo B"]
[Site "Collado Villalba (ESP)"]
[Date "2015.08.27"]
[Round "6.1"]
[White "Guerrero Gonzalez, Francisco"]
[Black "Sanz Toledano, Alfonso"]
[Result "0-1"]
[WhiteElo "1753"]
[BlackElo "1796"]
[PlyCount "120"]
[EventDate "2015.08.22"]
[EventType "swiss"]
[EventRounds "9"]
[EventCountry "ESP"]
[Source "lmi"]
[SourceDate "2015.08.22"]

1. d4 e6 2. c4 Bb4+ 3. Bd2 Qe7 4. Nc3 f5 5. Nf3 Nf6 6. g3 O-O 7. Bg2 d6 8. O-O
a5 9. a3 Bxc3 10. Bxc3 Ne4 11. Nd2 Nxc3 12. bxc3 e5 13. e4 Nc6 14. d5 Nb8 15.
exf5 Bxf5 16. Ne4 b6 17. Qd2 Nd7 18. Rfe1 Bxe4 19. Bxe4 Nc5 20. Bc2 Qf7 21. Re2
Qh5 22. Rae1 Rf6 23. Be4 Raf8 24. Bg2 g5 25. h3 g4 26. h4 Qf7 27. Qg5+ Qg7 28.
Qd2 Qd7 29. Qc2 Qf5 30. Qd2 Nd3 31. Rf1 Nc5 32. Rd1 Qd7 33. Qc2 Qa4 34. Qxa4
Nxa4 35. Rc1 Nc5 36. Rcc2 Kf7 37. Kf1 Kg6 38. Be4+ Nxe4 39. Rxe4 h5 40. Re3 Rf3
41. Rxf3 Rxf3 42. a4 Kf5 43. Ke1 Ke4 44. Ke2 Kf5 45. Kf1 e4 46. Ke2 e3 47. fxe3
Ke4 48. c5 dxc5 49. d6 cxd6 50. Rd2 Rxe3+ 51. Kf2 d5 52. Rb2 Rxc3 53. Rxb6 Rc2+
54. Kg1 Kf3 55. Rb3+ Ke4 56. Rb5 d4 57. Rxa5 d3 58. Ra8 d2 59. Re8+ Kf3 60.
Rf8+ Kxg3 0-1

[Event "Collado Villalba 2015 Torneo B"]
[Site "Collado Villalba (ESP)"]
[Date "2015.08.27"]
[Round "6.2"]
[White "Greciano Reiskila, Miguel C"]
[Black "Calvo De Castro, Miguel"]
[Result "1-0"]
[WhiteElo "1925"]
[BlackElo "1725"]
[PlyCount "49"]
[EventDate "2015.08.22"]
[EventType "swiss"]
[EventRounds "9"]
[EventCountry "ESP"]
[Source "lmi"]
[SourceDate "2015.08.22"]

1. c4 e5 2. Nc3 Nf6 3. Nf3 Nc6 4. g3 Bb4 5. Bg2 Bxc3 6. bxc3 O-O 7. O-O d6 8.
Qc2 Ne7 9. e4 c6 10. d4 Qa5 11. c5 dxc5 12. Nxe5 Ng6 13. Nc4 Qc7 14. Ba3 b5 15.
Nd2 Nd7 16. Nb3 c4 17. Nc5 Re8 18. e5 Nb6 19. f4 Ne7 20. f5 Ned5 21. Rae1 a5
22. f6 g6 23. Qd2 Kh8 24. Qh6 Rg8 25. Ne4 1-0

[Event "Collado Villalba 2015 Torneo B"]
[Site "Collado Villalba (ESP)"]
[Date "2015.08.27"]
[Round "6.3"]
[White "Liceras Ruiz, Manuel"]
[Black "Fernandez Garcia, Ignacio"]
[Result "1-0"]
[WhiteElo "1782"]
[BlackElo "1870"]
[PlyCount "97"]
[EventDate "2015.08.22"]
[EventType "swiss"]
[EventRounds "9"]
[EventCountry "ESP"]
[Source "lmi"]
[SourceDate "2015.08.22"]

1. e4 d6 2. c4 e5 3. Nf3 f5 4. Nc3 Nf6 5. d3 Be7 6. g3 O-O 7. Bg2 Nc6 8. h3
fxe4 9. dxe4 Qe8 10. O-O Be6 11. b3 h6 12. Qe2 Qh5 13. Nh4 Qf7 14. Nf3 Nh7 15.
Ne1 Nd4 16. Qd3 Qh5 17. g4 Qe8 18. f4 c6 19. f5 Bd7 20. Nf3 c5 21. Nxd4 cxd4
22. Nd5 Rc8 23. Bd2 Bc6 24. Rac1 Bxd5 25. exd5 Bg5 26. Bxg5 Nxg5 27. h4 Nh7 28.
Be4 Qd8 29. Qg3 Nf6 30. Rce1 b5 31. g5 Nxe4 32. Rxe4 Kh8 33. Rg4 h5 34. Re4
bxc4 35. g6 Rf6 36. Qf3 Kg8 37. Qxh5 Kf8 38. Qh8+ Ke7 39. Qxg7+ Ke8 40. Qh7 Qe7
41. g7 Kd7 42. g8=Q Rxg8+ 43. Qxg8 c3 44. Rg4 Rf7 45. Qa8 Qd8 46. Qc6+ Ke7 47.
Rg6 Qb6 48. Re6+ Kf8 49. Qc8+ 1-0